000 00292nam a22001337a 4500
008 180216b xxu||||| |||| 00| 0 eng d
020 _a9780130374974
041 _aeng
080 _a371
100 _a46
101 _aEDU
245 _aWriting and Grammar
_cPrentice Hall
942 _2udc
_cBK
999 _c42719
_d42719